A brief introduction to arbitration (Record no. 118172)

MARC details
000 -LEADER
fixed length control field 01221cam a2200217 4500
001 - CONTROL NUMBER
control field ABS68330
008 - FIXED-LENGTH DATA ELEMENTS--GENERAL INFORMATION
fixed length control field 041015n2004 000 0 eng u
035 ## - SYSTEM CONTROL NUMBER
System control number (Sirsi) u127718
100 ## - MAIN ENTRY--PERSONAL NAME
Personal name Ingram, P.
245 #2 - TITLE STATEMENT
Title A brief introduction to arbitration
260 ## - PUBLICATION, DISTRIBUTION, ETC.
Date of publication, distribution, etc. 2004
490 ## - SERIES STATEMENT
Series statement Surveyors' Times [Hong Kong Institute of Surveyors]
Volume/sequential designation 13(8) August 2004, 13-15(3)
520 ## - SUMMARY, ETC.
Summary, etc. Aims to provide a brief introduction to arbitration. Addresses some key points on arbitration procedure and practice and the likely involvement of the quantity surveyor in the arbitration process. Concludes arbitration is not an easy way to settlement, as it usually takes considerable time, uses large amounts of resources and involves great expense. If the parties reach a settlement before any evidence has been given, it results in fewer issues actually being addressed in the hearing than those initially anticipated or addressed in the expert reports.
590 ## - LOCAL NOTE (RLIN)
Local note ABS
590 ## - LOCAL NOTE (RLIN)
Local note ABS
650 ## - SUBJECT ADDED ENTRY--TOPICAL TERM
Topical term or geographic name entry element MANAGEMENT-DISPUTE AVOIDANCE, MANAGEMENT AND RESOLUTION-DISPUTE MANAGEMENT AND RESOLUTION-ARBITRATION
650 ## - SUBJECT ADDED ENTRY--TOPICAL TERM
Topical term or geographic name entry element SETTLEMENT OF CLAIMS
650 ## - SUBJECT ADDED ENTRY--TOPICAL TERM
Topical term or geographic name entry element EXPERT WITNESSES
690 ## - LOCAL SUBJECT ADDED ENTRY--TOPICAL TERM (OCLC, RLIN)
Topical term or geographic name as entry element DISPUTE RESOLUTION
9 (RLIN) 6236
942 ## - ADDED ENTRY ELEMENTS (KOHA)
Suppress in OPAC 0
Holdings
Withdrawn status Lost status Source of classification or shelving scheme Damaged status Not for loan Home library Current library Shelving location Date acquired Total Checkouts Full call number Barcode Date last seen Copy number Price effective from Koha item type
    Dewey Decimal Classification     London London Journal article 15/10/2004   ABS68330 127718-1001 06/08/2019 1 06/08/2019 Journal article